00441 2200157 4500245008200000020002100082250001100103100002800114650002200142005001900164260004400183041001400227084000800241300002500249336000900274 aOxford Learner's pocket Dictionary New EditioncOxford University PresshText a978-0-19431589-0 aCet. 4 aOxford University Press aOxford Dictionary a20231107094347 aNew YorkbOxford University Pressc2005 aIndonesia a423 a507 hlm. :c15.5 cm. atext